<?xml version="1.0" encoding="UTF-8"?>
<record
    xmlns:xsi="http://www.w3.org/2001/XMLSchema-instance"
    xsi:schemaLocation="http://www.loc.gov/MARC21/slim http://www.loc.gov/standards/marcxml/schema/MARC21slim.xsd"
    xmlns="http://www.loc.gov/MARC21/slim">

  <leader>00768cam a2200217a 44500</leader>
  <controlfield tag="003">OSt</controlfield>
  <controlfield tag="005">20150408113743.0</controlfield>
  <controlfield tag="008">030308s1982 ua g 0000e ara dd</controlfield>
  <datafield tag="040" ind1=" " ind2=" ">
    <subfield code="a">SA-RiAUC</subfield>
    <subfield code="b">ara</subfield>
    <subfield code="c">SA-RiAUC</subfield>
  </datafield>
  <datafield tag="041" ind1=" " ind2=" ">
    <subfield code="a">&#x639;&#x631;&#x628;&#x64A;</subfield>
  </datafield>
  <datafield tag="072" ind1=" " ind2=" ">
    <subfield code="a">070</subfield>
    <subfield code="x">&#x627;&#x644;&#x623;&#x62F;&#x628; &#x627;&#x644;&#x639;&#x631;&#x628;&#x64A;: &#x62A;&#x627;&#x631;&#x64A;&#x62E;&#x647; &#x648;&#x646;&#x642;&#x62F;&#x647;</subfield>
  </datafield>
  <datafield tag="082" ind1="0" ind2="4">
    <subfield code="a">810.9962</subfield>
  </datafield>
  <datafield tag="092" ind1=" " ind2=" ">
    <subfield code="a">810.9962</subfield>
    <subfield code="b">&#x631; &#x645; &#x648;</subfield>
  </datafield>
  <datafield tag="100" ind1="1" ind2=" ">
    <subfield code="a">&#x645;&#x635;&#x637;&#x641;&#x649; &#x635;&#x627;&#x62F;&#x642; &#x627;&#x644;&#x631;&#x627;&#x641;&#x639;&#x64A;&#x60C; &#x645;&#x635;&#x637;&#x641;&#x649; &#x635;&#x627;&#x62F;&#x642; &#x628;&#x646; &#x639;&#x628;&#x62F; &#x627;&#x644;&#x631;&#x632;&#x627;&#x642;&#x60C;</subfield>
    <subfield code="d">1356-1298 &#x647;&#x640;.</subfield>
    <subfield code="9">124</subfield>
  </datafield>
  <datafield tag="245" ind1="1" ind2="0">
    <subfield code="a">&#x648;&#x62D;&#x64A; &#x627;&#x644;&#x642;&#x644;&#x645; /</subfield>
    <subfield code="c">&#x643;&#x62A;&#x628;&#x647; &#x645;&#x635;&#x637;&#x641;&#x649; &#x635;&#x627;&#x62F;&#x642; &#x627;&#x644;&#x631;&#x627;&#x641;&#x639;&#x64A;.</subfield>
  </datafield>
  <datafield tag="250" ind1=" " ind2=" ">
    <subfield code="a">&#x637;. 2.</subfield>
  </datafield>
  <datafield tag="260" ind1=" " ind2=" ">
    <subfield code="a">&#x627;&#x644;&#x642;&#x627;&#x647;&#x631;&#x629;</subfield>
    <subfield code="b">&#x645;&#x643;&#x62A;&#x628;&#x629; &#x645;&#x635;&#x631;</subfield>
    <subfield code="c">2000</subfield>
  </datafield>
  <datafield tag="300" ind1=" " ind2=" ">
    <subfield code="a">3 &#x62C;. </subfield>
    <subfield code="c">24 &#x633;&#x645;. </subfield>
  </datafield>
  <datafield tag="650" ind1=" " ind2=" ">
    <subfield code="a">&#x627;&#x644;&#x623;&#x62F;&#x628; &#x627;&#x644;&#x639;&#x631;&#x628;&#x64A;</subfield>
    <subfield code="z">&#x645;&#x635;&#x631;</subfield>
    <subfield code="y">&#x627;&#x644;&#x639;&#x635;&#x631; &#x627;&#x644;&#x62D;&#x62F;&#x64A;&#x62B;</subfield>
    <subfield code="2">aucsh.\\</subfield>
    <subfield code="9">125</subfield>
  </datafield>
  <datafield tag="942" ind1=" " ind2=" ">
    <subfield code="2">ddc</subfield>
    <subfield code="c">BOOK</subfield>
  </datafield>
  <datafield tag="999" ind1=" " ind2=" ">
    <subfield code="c">3074</subfield>
    <subfield code="d">237574</subfield>
  </datafield>
  <datafield tag="952" ind1=" " ind2=" ">
    <subfield code="1">0</subfield>
    <subfield code="2">2013-03-10</subfield>
    <subfield code="4">0</subfield>
    <subfield code="7">0</subfield>
    <subfield code="a">810.9962 &#xC3;&#x98;&#xC2;&#xAC;1 &#xC3;&#x98;&#xC2;&#xB1; &#xC3;&#x99;&#xC2;&#x85; &#xC3;&#x99;&#xC2;&#x88;</subfield>
    <subfield code="d">2011-06-07</subfield>
    <subfield code="h">CL</subfield>
    <subfield code="i">00062142</subfield>
    <subfield code="m">CL</subfield>
    <subfield code="r">2013-03-10 00:00:00</subfield>
    <subfield code="t">BOOK</subfield>
    <subfield code="w">ddc</subfield>
    <subfield code="y">0</subfield>
  </datafield>
  <datafield tag="952" ind1=" " ind2=" ">
    <subfield code="1">0</subfield>
    <subfield code="2">2013-03-10</subfield>
    <subfield code="4">0</subfield>
    <subfield code="7">0</subfield>
    <subfield code="a">810.9962 &#xC3;&#x98;&#xC2;&#xAC;1 &#xC3;&#x98;&#xC2;&#xB1; &#xC3;&#x99;&#xC2;&#x85; &#xC3;&#x99;&#xC2;&#x88;</subfield>
    <subfield code="d">2011-06-07</subfield>
    <subfield code="h">CL</subfield>
    <subfield code="i">00062145</subfield>
    <subfield code="m">CL</subfield>
    <subfield code="r">2013-03-10 00:00:00</subfield>
    <subfield code="t">BOOK</subfield>
    <subfield code="w">ddc</subfield>
    <subfield code="y">0</subfield>
  </datafield>
  <datafield tag="952" ind1=" " ind2=" ">
    <subfield code="1">0</subfield>
    <subfield code="2">2013-03-10</subfield>
    <subfield code="4">0</subfield>
    <subfield code="7">0</subfield>
    <subfield code="a">810.9962 &#xC3;&#x98;&#xC2;&#xAC;1 &#xC3;&#x98;&#xC2;&#xB1; &#xC3;&#x99;&#xC2;&#x85; &#xC3;&#x99;&#xC2;&#x88;</subfield>
    <subfield code="d">2011-06-07</subfield>
    <subfield code="h">CL</subfield>
    <subfield code="i">00062149</subfield>
    <subfield code="m">CL</subfield>
    <subfield code="r">2013-03-10 00:00:00</subfield>
    <subfield code="t">BOOK</subfield>
    <subfield code="w">ddc</subfield>
    <subfield code="y">0</subfield>
  </datafield>
  <datafield tag="952" ind1=" " ind2=" ">
    <subfield code="1">0</subfield>
    <subfield code="2">2013-03-10</subfield>
    <subfield code="4">0</subfield>
    <subfield code="7">0</subfield>
    <subfield code="a">810.9962 &#xC3;&#x98;&#xC2;&#xAC;2 &#xC3;&#x98;&#xC2;&#xB1; &#xC3;&#x99;&#xC2;&#x85; &#xC3;&#x99;&#xC2;&#x88;</subfield>
    <subfield code="d">2011-06-07</subfield>
    <subfield code="h">CL</subfield>
    <subfield code="i">00062132</subfield>
    <subfield code="m">CL</subfield>
    <subfield code="r">2013-03-10 00:00:00</subfield>
    <subfield code="t">BOOK</subfield>
    <subfield code="w">ddc</subfield>
    <subfield code="y">0</subfield>
  </datafield>
  <datafield tag="952" ind1=" " ind2=" ">
    <subfield code="1">0</subfield>
    <subfield code="2">2013-03-10</subfield>
    <subfield code="4">0</subfield>
    <subfield code="7">0</subfield>
    <subfield code="a">810.9962 &#xC3;&#x98;&#xC2;&#xAC;2 &#xC3;&#x98;&#xC2;&#xB1; &#xC3;&#x99;&#xC2;&#x85; &#xC3;&#x99;&#xC2;&#x88;</subfield>
    <subfield code="d">2011-06-07</subfield>
    <subfield code="h">CL</subfield>
    <subfield code="i">00062146</subfield>
    <subfield code="m">CL</subfield>
    <subfield code="r">2013-03-10 00:00:00</subfield>
    <subfield code="t">BOOK</subfield>
    <subfield code="w">ddc</subfield>
    <subfield code="y">0</subfield>
  </datafield>
  <datafield tag="952" ind1=" " ind2=" ">
    <subfield code="1">0</subfield>
    <subfield code="2">2013-03-10</subfield>
    <subfield code="4">0</subfield>
    <subfield code="7">0</subfield>
    <subfield code="a">810.9962 &#xC3;&#x98;&#xC2;&#xAC;2 &#xC3;&#x98;&#xC2;&#xB1; &#xC3;&#x99;&#xC2;&#x85; &#xC3;&#x99;&#xC2;&#x88;</subfield>
    <subfield code="d">2011-06-07</subfield>
    <subfield code="h">CL</subfield>
    <subfield code="i">00062143</subfield>
    <subfield code="m">CL</subfield>
    <subfield code="r">2013-03-10 00:00:00</subfield>
    <subfield code="t">BOOK</subfield>
    <subfield code="w">ddc</subfield>
    <subfield code="y">0</subfield>
  </datafield>
  <datafield tag="952" ind1=" " ind2=" ">
    <subfield code="1">0</subfield>
    <subfield code="2">2013-03-10</subfield>
    <subfield code="4">0</subfield>
    <subfield code="7">0</subfield>
    <subfield code="a">810.9962 &#xC3;&#x98;&#xC2;&#xAC;3 &#xC3;&#x98;&#xC2;&#xB1; &#xC3;&#x99;&#xC2;&#x85; &#xC3;&#x99;&#xC2;&#x88;</subfield>
    <subfield code="d">2011-06-07</subfield>
    <subfield code="h">CL</subfield>
    <subfield code="i">00062148</subfield>
    <subfield code="m">CL</subfield>
    <subfield code="r">2013-03-10 00:00:00</subfield>
    <subfield code="t">BOOK</subfield>
    <subfield code="w">ddc</subfield>
    <subfield code="y">0</subfield>
  </datafield>
  <datafield tag="952" ind1=" " ind2=" ">
    <subfield code="1">0</subfield>
    <subfield code="2">2013-03-10</subfield>
    <subfield code="4">0</subfield>
    <subfield code="7">0</subfield>
    <subfield code="a">810.9962 &#xC3;&#x98;&#xC2;&#xAC;3 &#xC3;&#x98;&#xC2;&#xB1; &#xC3;&#x99;&#xC2;&#x85; &#xC3;&#x99;&#xC2;&#x88;</subfield>
    <subfield code="d">2011-06-07</subfield>
    <subfield code="h">CL</subfield>
    <subfield code="i">00062147</subfield>
    <subfield code="m">CL</subfield>
    <subfield code="r">2013-03-10 00:00:00</subfield>
    <subfield code="t">BOOK</subfield>
    <subfield code="w">ddc</subfield>
    <subfield code="y">0</subfield>
  </datafield>
  <datafield tag="952" ind1=" " ind2=" ">
    <subfield code="1">0</subfield>
    <subfield code="2">2013-03-10</subfield>
    <subfield code="4">0</subfield>
    <subfield code="7">0</subfield>
    <subfield code="a">810.9962 &#xC3;&#x98;&#xC2;&#xAC;3 &#xC3;&#x98;&#xC2;&#xB1; &#xC3;&#x99;&#xC2;&#x85; &#xC3;&#x99;&#xC2;&#x88;</subfield>
    <subfield code="d">2011-06-07</subfield>
    <subfield code="h">CL</subfield>
    <subfield code="i">00062144</subfield>
    <subfield code="m">CL</subfield>
    <subfield code="r">2013-03-10 00:00:00</subfield>
    <subfield code="t">BOOK</subfield>
    <subfield code="w">ddc</subfield>
    <subfield code="y">0</subfield>
  </datafield>
  <datafield tag="952" ind1=" " ind2=" ">
    <subfield code="1">0</subfield>
    <subfield code="2">2013-03-10</subfield>
    <subfield code="4">0</subfield>
    <subfield code="7">0</subfield>
    <subfield code="a">810.9962 &#x631; &#x645; &#x648;</subfield>
    <subfield code="d">2011-08-09</subfield>
    <subfield code="h">EMF</subfield>
    <subfield code="i">00014214</subfield>
    <subfield code="m">EMF</subfield>
    <subfield code="r">2013-03-10 00:00:00</subfield>
    <subfield code="t">BOOK</subfield>
    <subfield code="w">ddc</subfield>
    <subfield code="y">0</subfield>
  </datafield>
  <datafield tag="952" ind1=" " ind2=" ">
    <subfield code="1">0</subfield>
    <subfield code="2">2013-03-10</subfield>
    <subfield code="4">0</subfield>
    <subfield code="7">0</subfield>
    <subfield code="a">810.9962 &#x631; &#x645; &#x648;</subfield>
    <subfield code="d">2011-08-11</subfield>
    <subfield code="h">EMF</subfield>
    <subfield code="i">00014322</subfield>
    <subfield code="m">EMF</subfield>
    <subfield code="r">2013-03-10 00:00:00</subfield>
    <subfield code="t">BOOK</subfield>
    <subfield code="w">ddc</subfield>
    <subfield code="y">0</subfield>
  </datafield>
  <datafield tag="952" ind1=" " ind2=" ">
    <subfield code="1">0</subfield>
    <subfield code="2">2013-03-10</subfield>
    <subfield code="4">0</subfield>
    <subfield code="7">0</subfield>
    <subfield code="a">810.9962 &#x631; &#x645; &#x648;</subfield>
    <subfield code="d">2011-08-27</subfield>
    <subfield code="h">EMF</subfield>
    <subfield code="i">00014086</subfield>
    <subfield code="m">EMF</subfield>
    <subfield code="r">2013-03-10 00:00:00</subfield>
    <subfield code="t">BOOK</subfield>
    <subfield code="w">ddc</subfield>
    <subfield code="y">0</subfield>
  </datafield>
  <datafield tag="952" ind1=" " ind2=" ">
    <subfield code="1">0</subfield>
    <subfield code="2">2013-03-10</subfield>
    <subfield code="4">0</subfield>
    <subfield code="7">0</subfield>
    <subfield code="a">810.9962 &#x62C;3 &#x631; &#x645; &#x648;</subfield>
    <subfield code="d">2011-08-27</subfield>
    <subfield code="h">EMF</subfield>
    <subfield code="i">00014039</subfield>
    <subfield code="m">EMF</subfield>
    <subfield code="r">2013-03-10 00:00:00</subfield>
    <subfield code="t">BOOK</subfield>
    <subfield code="w">ddc</subfield>
    <subfield code="y">0</subfield>
  </datafield>
  <datafield tag="952" ind1=" " ind2=" ">
    <subfield code="1">0</subfield>
    <subfield code="2">2013-03-10</subfield>
    <subfield code="4">0</subfield>
    <subfield code="7">0</subfield>
    <subfield code="a">810.9962 &#x631; &#x645; &#x648;</subfield>
    <subfield code="d">2011-09-05</subfield>
    <subfield code="h">EMF</subfield>
    <subfield code="i">00022010</subfield>
    <subfield code="m">EMF</subfield>
    <subfield code="r">2013-03-10 00:00:00</subfield>
    <subfield code="t">BOOK</subfield>
    <subfield code="w">ddc</subfield>
    <subfield code="y">0</subfield>
  </datafield>
  <datafield tag="952" ind1=" " ind2=" ">
    <subfield code="1">0</subfield>
    <subfield code="2">2013-03-10</subfield>
    <subfield code="4">0</subfield>
    <subfield code="7">0</subfield>
    <subfield code="a">810.9962 &#x631; &#x645; &#x648;</subfield>
    <subfield code="d">2011-10-25</subfield>
    <subfield code="h">EZF</subfield>
    <subfield code="i">00009360</subfield>
    <subfield code="m">EZF</subfield>
    <subfield code="q">2015-10-13</subfield>
    <subfield code="r">2015-10-19 00:00:00</subfield>
    <subfield code="t">BOOK</subfield>
    <subfield code="w">ddc</subfield>
    <subfield code="y">1</subfield>
  </datafield>
  <datafield tag="952" ind1=" " ind2=" ">
    <subfield code="1">0</subfield>
    <subfield code="2">2013-03-10</subfield>
    <subfield code="4">0</subfield>
    <subfield code="7">0</subfield>
    <subfield code="a">810.9962 &#x631; &#x645; &#x648;</subfield>
    <subfield code="d">2011-10-25</subfield>
    <subfield code="h">EZF</subfield>
    <subfield code="i">00009359</subfield>
    <subfield code="m">EZF</subfield>
    <subfield code="q">2015-10-13</subfield>
    <subfield code="r">2015-10-20 00:00:00</subfield>
    <subfield code="t">BOOK</subfield>
    <subfield code="w">ddc</subfield>
    <subfield code="y">2</subfield>
  </datafield>
  <datafield tag="952" ind1=" " ind2=" ">
    <subfield code="1">0</subfield>
    <subfield code="2">2013-03-10</subfield>
    <subfield code="4">0</subfield>
    <subfield code="7">0</subfield>
    <subfield code="a">810.9962 &#x631; &#x645; &#x648;</subfield>
    <subfield code="d">2011-10-25</subfield>
    <subfield code="h">EZF</subfield>
    <subfield code="i">00009358</subfield>
    <subfield code="m">EZF</subfield>
    <subfield code="q">2014-02-27</subfield>
    <subfield code="r">2014-03-02 00:00:00</subfield>
    <subfield code="t">BOOK</subfield>
    <subfield code="w">ddc</subfield>
    <subfield code="y">1</subfield>
  </datafield>
  <datafield tag="952" ind1=" " ind2=" ">
    <subfield code="1">0</subfield>
    <subfield code="2">2013-03-10</subfield>
    <subfield code="4">0</subfield>
    <subfield code="7">0</subfield>
    <subfield code="a">810.9962 &#x627; &#x645; &#x648;</subfield>
    <subfield code="d">2011-12-04</subfield>
    <subfield code="h">EZF</subfield>
    <subfield code="i">00009389</subfield>
    <subfield code="m">EZF</subfield>
    <subfield code="r">2013-03-10 00:00:00</subfield>
    <subfield code="t">BOOK</subfield>
    <subfield code="w">ddc</subfield>
    <subfield code="y">0</subfield>
  </datafield>
  <datafield tag="952" ind1=" " ind2=" ">
    <subfield code="1">0</subfield>
    <subfield code="2">2013-03-10</subfield>
    <subfield code="4">0</subfield>
    <subfield code="7">0</subfield>
    <subfield code="a">810.9962 &#x627; &#x645; &#x648;</subfield>
    <subfield code="d">2011-12-04</subfield>
    <subfield code="h">EZF</subfield>
    <subfield code="i">00009390</subfield>
    <subfield code="m">EZF</subfield>
    <subfield code="r">2013-03-10 00:00:00</subfield>
    <subfield code="t">BOOK</subfield>
    <subfield code="w">ddc</subfield>
    <subfield code="y">0</subfield>
  </datafield>
</record>
